01144njm a22002537a 450000500170000000600190001700700150003600800410005102800260009203500130011804000130013110000290014424501310017324601050030426000380040930000940044750000170054150000360055850501850059460000290077965000290080870000290083770000240086620100901115333.0a|||||r|||||00| 0 sd ammalaaahaa100901t xxu||||| |||| 00| 0 eng d a2392 535bMusic India aGR-03457 aSEDcSED aGovind Prasad Jaipurwale aQatil Ada /cby Govind Prasad Jaipurwale ; music by Govind Prasad Jaipurwale ; lyric by Dil Bag Singh Sohalh[Sound recording] aकातिल अदा / गोविन्द प्रसाद जैपुर्वाले  aDUM DUM, IndiabMusic Indiac1981 a1 Sound disc [Gramophone Recording] :banalog, 33 1/3 rpmc12 in. (LP)fGramophone Record aBrief record aRecord Labels : Music India,Red aSide-1 उनको ये पैगाम देना (Unko ye paigam dena) --Side-2 तुम आगये हो आज तो (Tum aagaye ho aaj to) (Govind Prasad Jaipurwale) 2Govind Prasad Jaipurwale aGhazalsxExcerptszIndia aGovind Prasad Jaipurwale aDil Bag Singh Sohal